All Russian leaders ever. - Statistics

General Stats
  • This quiz has been taken 734 times
  • The average score is 19 of 60
Answer Stats
Dates of Reign Hints Name of Ruler % Correct
1922-1953 GS of the Communist Party of the Soviet Union Joseph Stalin
90%
1999-2008 Vladimir Putin
90%
2012- Present Vladimir Putin
90%
1917-1922 Head of government during Russian Civil-War Vladimir Lenin
88%
1922-1924 Chairman of the CPC of the Soviet Union Vladimir Lenin
88%
1894-1917 Last monarch of the Romanov line. Nicholas II
80%
1985-1991 Mikhail Gorbachev
78%
1325-1340 Ivan I
73%
1353-1359 Ivan II
73%
1991-1999 President of the Russian Federation Boris Yeltsin
68%
1953-1964 First Secretary of the Communist Party of the Soviet Union Nikita Khrushchev
67%
1964-1982 Leonid Brezhnev
65%
2008-2012 Dimitry Medvedev
56%
1982-1984 Yuri Andropov
50%
1801-1825 Alexander I
49%
1855-1881 Alexander II
47%
1825-1855 Nicholas I
45%
1682-1721 Peter I
45%
1721-1725 Established The Russian Empire Peter I
45%
1727-1730 Peter II
43%
1881-1894 Alexander III
42%
1725-1727 Catherine I
40%
1762 Murdered Peter III
40%
1762-1796 Catherine II
38%
1533-1547 Ivan IV
34%
1547-1584 Assumes the title of Tsar of All Rus Ivan IV
34%
1462-1505 Ivan III
33%
1682-1696 co-ruler with following ruler but effectively had no power Ivan V
32%
1953 De-Facto FS of the Communist Party of the Soviet Union Georgy Malenkov
29%
1740-1741 Deposed as a baby, imprisoned and later murdered. Ivan VI
29%
1741-1762 Elizabeth
22%
1730-1740 Anna
20%
1613-1645 Founder of House of Romanov Michael
19%
1359-1389 Dmitry
17%
1796-1801 Paul I
17%
1645-1676 Alexis
10%
1598-1605 Boris Godunov
8%
1605-1606 Dmitry I
8%
1584-1598 Feodor I
8%
1605 Feodor II
8%
1930-1941 "" Vyacheslav Molotov
8%
176-1682 Feodor III
7%
1984-1985 Konstantin Cherneko
7%
1389-1425 Vasily I
6%
1425-1434 Vasily II
6%
1740-1741 Acted as regent for her son. Deposed and imprisoned. Anna Leopoldovna
4%
1283-1303 Rules as Prince of Moscow Daniel
4%
1435-1446 Vasily II
4%
1447-1462 Vasily II
4%
1924-1930 "" Alexei Rykov
3%
1340-1353 Simeon
3%
1505-1533 Vasily III
3%
1606-1610 Vasily IV
3%
1610-1612 Only resigned his title in 1634 Vladislav
2%
1303-1325 Yury of Moscow
1%
1446-1447 Dmitry Shemyaka
0%
1575-1575 Proclaimed Grand Prince of all Rus. Abdicated title. Simeon Bekbulatovich
0%
1682-1689 Ruled as regent of following two leaders Sophia Alekseyevna
0%
1434-1435 Vasily Kosoy
0%
1434 Yury of Zvenigorod
0%
No matching quizzes found
Score Distribution
Percent of People with Each Score
Percentile by Number Answered
Your Score History
You have not taken this quiz